000 00270nam a2200121Ia 4500
008 190216s9999||||xx |||||||||||||| ||und||
100 _aDamodaran Nair
245 0 _aTolstoy Kathakal
260 _bDc Books Kottayam
300 _a211
650 _aKathakal
942 _cBK
999 _c27730
_d27730